Fizika atomnych stoknovenij

Saved in:
Bibliographic Details
Main Author: Chasted, D. (Author)
Format: Book
Language:Russian
Published: Moskva : Mir, 1965
Tags: Add Tag
No Tags, Be the first to tag this record!

MARC

LEADER 00000nam a22000003a 4500
001 stu208426
005 20150617230059.0
008 100728s1965----xxr-----------------rus-d
040 |a STU  |b slo 
041 0 |a rus 
044 |a xxr 
100 1 |a Chasted, D.  |4 aut 
245 1 |a Fizika atomnych stoknovenij 
260 |a Moskva :  |b Mir,  |c 1965 
996 |b E12277  |c E*12277  |l EE11  |s P  |a 0  |w stu208426_0001